| 000 | 01921nam a2200469 c 4500 | ||
|---|---|---|---|
| 003 | BLK | ||
| 005 | 20250714111248.0 | ||
| 008 | 180408b bul|||||r ||||||| ||bul|| | ||
| 010 | _aKNG00085832000 | ||
| 020 |
_a978-954-376-014-5 _bиздат.: Жануа-98 |
||
| 040 | _aBLK | ||
| 041 |
_aBUL _cBUL |
||
| 080 |
_aТелевизионна журналистика _b07:654.197 _x(73)(092) _z07:654.197(73)(092) |
||
| 080 |
_aАмериканска тележурналистка _b929 Уинфри, Опра _x _z929 Уинфри, Опра |
||
| 100 | 1 |
_aГарсън, Хелън _eпърви автор _951443 |
|
| 700 |
_aХил, Мариана Стефанова _d1960 - _gПреводач от/на немски и английски език _9372438 |
||
| 139 |
_aГарсън, Хелън _bУ 41 |
||
| 245 | 1 | 0 |
_aОпра Уинфри _bБиография _cХелън Гарсън; прев. Мариана Стефанова Хил. |
| 257 | _aUSA | ||
| 260 |
_аСофия _bЖануа-98 _c2008 |
||
| 300 |
_a296 с. _bсъс сн. _c20 см |
||
| 380 | _a62 | ||
| 490 | 1 | _aКнигите на новия свят | |
| 500 | _aОриг. загл. Oprah Winfrey : A Biography / Helen S. Garson | ||
| 590 | _aф | ||
| 600 | 1 | 4 |
_aУинфри, Опра _9132764 |
| 650 | 4 |
_aЖурналисти, американски _9253651 |
|
| 650 | 4 |
_aТелевизионна журналистика - САЩ _9253652 |
|
| 650 | 4 |
_aУинфри, Опра _9132764 |
|
| 651 | 4 |
_aСАЩ _9179493 |
|
| 653 | _aОпра Уинфри | ||
| 653 | _aтелевизионна журналистика | ||
| 653 | _aшоубизнес | ||
| 653 | _aжурналисти | ||
| 653 | _aбиографии | ||
| 852 | _aЦб 241473 | ||
| 856 | 4 |
_qpdf _u |
|
| 856 | 4 |
_qpdf _u |
|
| 942 |
_cKNG _n0 _046 |
||
| 944 |
_aCR _c02.10.2008 _k30531 _lЦветелина Шанова |
||
| 944 |
_aED _c12.10.2009 _k |
||
| 999 |
_c81330 _d81330 |
||